Library Banner

Health psychology (Record no. 55501)

MARC details
000 -LEADER
fixed length control field 00484nam a2200193Ia 4500
001 - CONTROL NUMBER
control field 58235
008 - FIXED-LENGTH DATA ELEMENTS--GENERAL INFORMATION
fixed length control field 140507s9999 xx 000 0 und d
020 ## - INTERNATIONAL STANDARD BOOK NUMBER
International Standard Book Number 9780070700604
040 ## - CATALOGING SOURCE
Transcribing agency PK-LaUMT
082 ## - DEWEY DECIMAL CLASSIFICATION NUMBER
Classification number 616.0019
Item number OGD-H
100 ## - MAIN ENTRY--PERSONAL NAME
Personal name Ogden, Jane
245 ## - TITLE STATEMENT
Title Health psychology
Remainder of title a textbook
Statement of responsibility, etc Ogden, Jane
250 ## - EDITION STATEMENT
Edition statement 4th
260 ## - PUBLICATION, DISTRIBUTION, ETC. (IMPRINT)
Place of publication, distribution, etc New Delhi,India:
Name of publisher, distributor, etc Tata McGraw-Hill Education,
Date of publication, distribution, etc 2010
300 ## - PHYSICAL DESCRIPTION
Extent 489 p.
546 ## - LANGUAGE NOTE
Language note EN
650 ## - SUBJECT ADDED ENTRY--TOPICAL TERM
Topical term or geographic name as entry element Health-Psychology
942 ## - ADDED ENTRY ELEMENTS (KOHA)
Koha item type Books
Holdings
Withdrawn status Lost status Damaged status Not for loan Home library Current library Date acquired Total Checkouts Full call number Barcode Date last seen Date checked out Price effective from Koha item type
        UMT Main Campus UMT Main Campus 2014-05-07 9 616.0019 OGD-H 77797 2025-05-31 2025-05-19 2014-05-08 Books